Visual Aids [
| Format: | Book |
|---|---|
| Published: |
LondonbTimes Life Films ,
1973
|
| Subjects: |
MARC
| LEADER | 00000cam a2200000 7i4500 | ||
|---|---|---|---|
| 001 | 0000021322 | ||
| 005 | 20080422.0 | ||
| 040 | |a INS | ||
| 090 | 0 | 0 | |a VCD 1280 |
| 245 | 0 | 0 | |a Visual Aids [ |h video disc] |
| 260 | |a LondonbTimes Life Films , |c 1973 | ||
| 300 | |a 1 videodisc (25 min.) : |b snd., col. ; |c 4 3.4 in. | ||
| 505 | 0 | 0 | |a Also avaialble in VHS format: VHS 415 |
| 650 | 0 | 0 | |a Visual education |
| 999 | |a VCD0001280 |b VIDEO CD |c Media Collection |e Default branch | ||